000 00569nam a2200169Ia 4500
003 GCL
008 140319s9999 xx 000 0 ara d
040 _aGCL /
_cGCL
082 0 4 _a539.2
_bم ا
100 1 _aمحمد ابراهيم الجارالله
245 1 0 _aالاشعاع الذرى مصادره استخداماته مخاطرةوطرق الوقاية منه /
_cمحمد ابراهيم الجارالله
300 _a250 ص
490 _a100 قصة
_v0
650 0 4 _aمواصفات الامان
650 0 4 _aالاشعاع الذرى
942 _2ddc
_cBK
999 _c43306
_d43306